Tropical vegetables and their genetic resources / (Record no. 18443)
[ view plain ]
| 000 -LEADER | |
|---|---|
| fixed length control field | 00552nam a2200193Ii 4500 |
| 040 ## - CATALOGING SOURCE | |
| Transcribing agency | YUS |
| 082 ## - DEWEY DECIMAL CLASSIFICATION NUMBER | |
| Classification number | 641 IMT 1997 C145 Or. |
| 100 1# - MAIN ENTRY--AUTHOR NAME | |
| Personal name | Grubben, G. J. H |
| 245 10 - TITLE STATEMENT | |
| Title | Tropical vegetables and their genetic resources / |
| 260 ## - PUBLICATION, DISTRIBUTION, ETC. (IMPRINT) | |
| Place of publication | Rome : |
| Name of publisher | International Board for Plant Genetic Resources, |
| Year of publication | 1977 |
| 300 ## - PHYSICAL DESCRIPTION | |
| Number of Pages | vi, 197 p. : |
| Other physical details | ill. ; |
| Dimensions | 28 cm |
| 500 ## - GENERAL NOTE | |
| General note | "AGPE:IBPGR/77/23." |
| 500 ## - GENERAL NOTE | |
| General note | "November 1977." |
| 650 #0 - SUBJECT ADDED ENTRY--TOPICAL TERM | |
| Topical Term | Vegetables |
| 650 #0 - SUBJECT ADDED ENTRY--TOPICAL TERM | |
| Topical Term | Tropical crops |
| 700 10 - ADDED ENTRY--PERSONAL NAME | |
| Personal name | Tindall, H. D |
| 700 10 - ADDED ENTRY--PERSONAL NAME | |
| Personal name | Williams, John Trevor |
| 942 ## - ADDED ENTRY ELEMENTS (KOHA) | |
| Koha item type | ADB |
| 952 ## - LOCATION AND ITEM INFORMATION (KOHA) | |
| Withdrawn status [LOCAL, KOHA] | 0 |
| Source of acquisition | Permanent Location | Date acquired | Koha item type | Lost status | Shelving location | Current Location | Full call number |
|---|---|---|---|---|---|---|---|
| A36484 | Library Block C | 2019-12-02 | សៀវភៅភាសាអង់គ្លេស | C145 | Library Block C | 641 IMT 1997 C145 Or. |